000 00617nam a2200181Ia 4500
003 IN-BaIIA
008 211028s9999 xx 000 0 eng d
020 _a0-521-43584-6
040 _cIIA Library
080 _a524-48
_bLON-2
100 _aLongair, Malcolm S
_918616
245 0 _aHigh energy astrophysics
_bvol.2, stars, the galaxy and the interstellar medium
_cMalcolm S. Longair
250 _a2nd ed.
260 _aCambridge
_bCambridge University Press
_c1994
300 _axiii, 393p.
650 _aHigh energy astrophysics, High energy astronomy
_921782
942 _cBK
999 _c12442
_d12442